000 00884nam a2200301Ia 4500
001 Para_7495
003 CHAP
008 220125s1904 xx 000 0 und d
010 _a206383
040 _cCHAP
082 _aPA-C 632 B85
100 _aParrott, P. J.
_985766
245 _aFall spaying with sulphur washes /
_c by P. J. Parrott and F. A. Sirrine
260 _aOhio :
_b Ohio Agricultural Experiment Station
300 _app. 317-337
440 _aBulletin ; 254
_9169537
500 _aEnc. con impresos similares
650 _aAzufre
_x Efecto en plantas
_99217
650 _aFitopatología
_x colecciones de escritos
_9172523
700 _aSirrine, F. A.
_9106684
901 _aPA-C 632 B85
902 _aA
905 _a0000001904 0000000000 00
910 _a1904
942 _cPARA
942 _cPARA
_d1
999 _c206383
_d206383